Tapping labour shortage and stalemate in female labour participation: A disaggregate level analysis of Kerala's rubber smallholder sector (Record no. 49876)

MARC details
000 -LEADER
fixed length control field 00550nam a2200145Ia 4500
100 ## - MAIN ENTRY--AUTHOR NAME
Personal name Siju T
245 #0 - TITLE STATEMENT
Title Tapping labour shortage and stalemate in female labour participation: A disaggregate level analysis of Kerala's rubber smallholder sector
260 ## - PUBLICATION, DISTRIBUTION, ETC. (IMPRINT)
Name of publisher PLACROSYM XXI. International Symposium on Plantation Crops, 10-12 December 2014, Kozhikode, India, pp. 222. Abstracts.
650 ## - SUBJECT ADDED ENTRY--TOPICAL TERM
Topical Term Femal labour
650 ## - SUBJECT ADDED ENTRY--TOPICAL TERM
Topical Term Labour shortage
700 ## - ADDED ENTRY--PERSONAL NAME
Personal name Chandy B
700 ## - ADDED ENTRY--PERSONAL NAME
Personal name George T
942 ## - ADDED ENTRY ELEMENTS (KOHA)
Koha item type Bibliography STAF
Holdings
Withdrawn status Lost status Damaged status Not for loan Home library Current library Shelving location Date acquired Koha item type
      Bibliography RRII Library RRII Library Economics 08/05/2015 Bibliography STAF